000
00256nam a2200109Ia 4500
008
190216s9999||||xx |||||||||||||| ||und||
100
_a
Panoli V
245
0
_a
Vathmeegiyude Seetha
260
_b
Touring Book Stall
650
_a
Essay Malayalam
942
_c
BK
999
_c
25088
_d
25088